| Tag |
First Indicator |
Second Indicator |
Subfields |
| LEADER |
00000cam a2200000 4500 |
| 001 |
in00000665379 |
| 005 |
20151015083013.0 |
| 008 |
800924r19741845miu a 00010 eng d |
| 035 |
|
|
|a (OCoLC)06745956
|
| 035 |
|
|
|9 ACX9903AM
|
| 040 |
|
|
|a EEU
|c TXA
|d UtOrBLW
|
| 049 |
|
|
|a TXAI
|
| 090 |
|
|
|a F864
|b .H3
|
| 099 |
|
|
|a film
|a B
|a 1512
|a reel
|a 600.9
|
| 100 |
1 |
|
|a Hastings, Lansford Warren,
|d 1819-approximately 1870.
|
| 245 |
1 |
4 |
|a The emigrant's guide to Oregon and California :
|b containing scenes and incidents of a party of Oregon emigrants; a description of Oregon; scenes and incidents of a party of California emigrants; and a description of California; with a description of the different routes to those countries; and all necessary information relative to the equipment, supplies, and the method of traveling /
|c by Lansford W. Hastings.
|
| 264 |
|
1 |
|a Cincinnati :
|b G. Conclin,
|c 1845.
|
| 300 |
|
|
|a 152 pages
|
| 336 |
|
|
|a text
|b txt
|2 rdacontent
|
| 337 |
|
|
|a microform
|b h
|2 rdamedia
|
| 338 |
|
|
|a microfilm reel
|b hd
|2 rdacarrier
|
| 500 |
|
|
|a Microfilm. Ann Arbor, Mich., Xerox University Microfilms, 1974. 1 reel. 35 mm. (American Culture Series, reel 600.9)
|
| 500 |
|
|
|a Microform.
|
| 650 |
|
0 |
|a Overland journeys to the Pacific.
|
| 651 |
|
0 |
|a California
|x Description and travel.
|
| 651 |
|
0 |
|a Oregon
|x Description and travel.
|
| 651 |
|
0 |
|a Oregon National Historic Trail.
|
| 999 |
|
|
|a MARS
|
| 999 |
f |
f |
|s 8ca717cf-5bcc-3a7b-9004-17345cbe1188
|i 2313903c-1460-38d4-8baf-2833a81f88b7
|t 0
|
| 952 |
f |
f |
|p default
|a Texas A&M University
|b College Station
|c Sterling C. Evans Library
|d Evans: Microforms (3rd floor)
|t 0
|e film B 1512 reel 600.9
|h Other scheme
|i microform -- microfilm reel
|
| 998 |
f |
f |
|a film B 1512 reel 600.9
|t 0
|l Evans: Microforms (3rd floor)
|